Представление документа в формате RUSMARC

ПолеНазваниеЗначение
  Тип записи a
  Библиографический уровень m
001 Контрольный номер RU/SLIB/B/208713505
005 Дата корректировки 20201206203920.3
010 Индекс ISBN __
d Цена 0-65
101 Язык документа __
a Язык текста rus
200 Заглавие и сведения об ответственности 0_
a Заглавие Озера Африки
f Первые сведения об ответственности Дмитревский Ю. Д., Олейников И. Н.
b Общее обозначение материала Текст
210 Выходные данные __
a Место издания Л.
c Издательство Гидрометеоиздат
d Дата издания 1979
215 Физическое описание __
a Объем 184 с.
c Иллюстрации/тип воспроизводства ил.
606 Тематические рубрики __
a Основная рубрика Геофизика
606 Тематические рубрики __
a Основная рубрика Гидрология суши
610 Ключевые слова __
a Ключевые слова водные ресурсы; природные условия; фауна; флора; озера
686 Индексы других классификаций __
a Классификационный индекс 26.222.6
700 Автор _1
a Фамилия Дмитревский
b Имя Ю. Д.
4 Код отношения 070
702 Вторичная интеллектуальная ответственность _1
a Фамилия Олейников
b Имя И. Н.
4 Код отношения Автор
801 Источник записи _0
a Страна RU
b Организация Муниципальное бюджетное учреждение культуры "Централизованная библиотечная система" г. Сургут (Центральная городская библиотека им. А. С. Пушкина)
g Правила каталогизации К/Кундохова
801 Источник записи _1
a Страна RU
b Организация Муниципальное бюджетное учреждение культуры "Централизованная библиотечная система" г. Сургут (Центральная городская библиотека им. А. С. Пушкина)
g Правила каталогизации К/Кундохова
852 Данные о местонахождении __
j Шифр хранения 26.222.6
c Каталожный индекс 26.222.6
i Авторский знак Д 53
p Инвентарный номер 7973
901 Тип документа __
t Тип документа m
990 Данные о заказе (DOS) 00
j Количество экземпляров (DOS) 1